| 000 | 00340nam a22001337a 4500 | ||
|---|---|---|---|
| 008 | 180918b xxu||||| |||| 00| 0 eng d | ||
| 020 | _a9780397514984 | ||
| 041 | _aeng | ||
| 080 | _a615 | ||
| 100 | _a5 | ||
| 101 | _aFAR | ||
| 245 |
_aHandbook Of Pharmacology Physiology In Anesthetic Practice _cStoelting.R.K |
||
| 942 |
_2udc _cBK |
||
| 999 |
_c47922 _d47922 |
||